Starting points : Earth

Bibliographic Details
Main Author: PETTY, Kate
Format: Book
Published: London : Franklin Watts , 1990
Series:Library has 8 titles
Starting points
Subjects:

MARC

LEADER 00000cam a2200000 7i4500
001 0000002539
002 000002765
005 20000330.0
020 |a 0749602325 
090 0 0 |a 030   |b STA 
100 1 |a PETTY, Kate 
245 1 0 |a Starting points :   |b Earth   |c Kate Petty 
260 |a London :   |b Franklin Watts ,   |c 1990 
300 |a 32p. :   |b ill ;   |c 25cm. 
490 0 |a Library has 8 titles 
490 0 |a Starting points 
650 0 0 |a Earth   |x Juvenile literature 
999 |a 036234   |b BUKU   |c JUNIOR BOOKS   |e PERPUSTAKAAN KOMUNITI PETALING JAYA